| 000 | 00755nam a2200205Ia 4500 | ||
|---|---|---|---|
| 005 | 20240530111002.0 | ||
| 008 | 140319s2010 xx 000 0 ara d | ||
| 020 | _a9789957324841 | ||
| 040 |
_aGCL / _cGCL |
||
| 082 | 0 | 4 |
_a658.4038 / _bخ ا |
| 100 | 1 | _aخضر مصباح اسماعيل طيطى | |
| 245 | 1 | 0 |
_aادارة المعرفة التحديات والتقنيات والحلول / _cخضر مصباح اسماعيل طيطى |
| 260 |
_aعمان : _bدار الحامد للنشر والتوزيع، _c2010 |
||
| 300 |
_a300 ص ؛ _c24 سم |
||
| 650 | 0 | 4 | _aادارة المعرفة |
| 650 | 0 | 4 | _aالذكاء الصناعى |
| 650 | 0 | 4 | _aادارة الجودة |
| 942 |
_2ddc _cBK |
||
| 999 |
_c67197 _d67197 |
||